| 000 | 01493nam a2200229Ia 4500 | ||
|---|---|---|---|
| 003 | OSt | ||
| 005 | 20210902101955.0 | ||
| 008 | 210310s2000 ck ad gr 000 0 spa d | ||
| 040 |
_aCO-JMCR _cCO-JMCR |
||
| 041 | 0 | _aspa | |
| 082 | 0 | 4 |
_a658.6048 / _bE562p _223 |
| 111 | 1 |
_aEncuentro para la Productividad y Competitividad _n(3o. : _cArchipiélago de San Andrés, Providencia y Santa Catalina) _d2000 : _939898 |
|
| 245 | 1 | 0 |
_aPolítica nacional para la productividad y competitividad 1999-2009 / _cIII Encuentro para la Productividad y la Competitividad |
| 260 |
_aBogotá : _bPresidencia de la República ; Ministerio de Comercio Exterior, _c2000. |
||
| 300 |
_b150 páginas : _ailustraciones y gráficas en blanco y negro ; _c28 cm. |
||
| 500 | 0 | _aEntidades participantes: Colciencias, Bancóldex, Departamento Nacional de Planeación, Ministerio de Agricultura, Ministerio de Comunicaciones, Ministerio de Desarrollo, Ministerio de Educación, Ministerio de Hacienda-Dian, Ministerio de Transporte, Proexport, Sena, Superintendencia de Industria y Comercio. | |
| 505 | 0 | _aLa tecnología de la información. -- El sistema nacional de ciencia y tecnología. -- Red Colombia compite. -- Política sectorial. | |
| 650 | 1 | 4 |
_aCompetitividad _vCongresos conferencias, etc. _y1999-2009 _927906 |
| 650 | 2 | 4 |
_aInnovaciones tecnológicas _v1999-2009 _yCongresos, conferencias, etc. _939899 |
| 650 | 2 | 4 |
_aColombia _xPolítica económica _v1999-2009 _yCongresos, conferencias, etc. _939900 |
| 942 |
_2ddc _cBK |
||
| 999 |
_c12321 _d12321 |
||